| 000 | 00947nam a2200277 4500 | ||
|---|---|---|---|
| 001 | 4654 | ||
| 003 | BD-RjUL | ||
| 005 | 20211208233930.0 | ||
| 008 | 131223s1968 pk a 100 0 eng | ||
| 035 | _a(BD-RjUL)4689 | ||
| 040 |
_aDLC _cDLC _dDLC _beng |
||
| 041 | _aeng | ||
| 082 | 0 | 0 |
_a658.009549 _bMAN 1968 |
| 111 | 2 |
_aManagement Convention, _b2d, _cKarachi, _d1968. _914680 |
|
| 245 | 1 | 0 |
_aManagement and national growth : _bproceedings of the Second Management Convention held at Karachi, April 24 and 25, 1968./ _cEditor: M. Akram Khan. |
| 260 |
_aKarachi : _bWest Pakistan Management Association, _c1968. |
||
| 300 |
_a218 p. _billus. _c22 cm. |
||
| 350 | _a10.00 | ||
| 526 | _bEconomics | ||
| 650 | 0 |
_aIndustrial management _zPakistan _xCongresses. _914675 |
|
| 651 | 0 |
_aPakistan _xEconomic conditions _xCongresses. _914676 |
|
| 700 | 1 |
_aAkram Khan, M., _eed. _914677 |
|
| 942 |
_2ddc _cBK |
||
| 999 |
_c4654 _d4654 |
||